Asian Countries with the Longest Names - Statistics

General Stats
  • This quiz has been taken 47 times
  • The average score is 3 of 5
Answer Stats
Country % Correct
Turkmenistan
78%
Afghanistan
70%
Philippines
62%
Saudi Arabia
59%
United Arab Emirates
41%
No matching quizzes found
Score Distribution
Percent of People with Each Score
Percentile by Number Answered
Your Score History
You have not taken this quiz